00669nam a2200193Ia 450000100060000000800390000608200130004524500820005825000120014026000280015230000180018065300120019865300150021065300230022570000400024894200120028895201580030099900170045856381130412n2008 ii |||gr||||Z||||||346 a891.4481 0aDhadha : Swarup SandhancBarun Kumar Chakraborty edited byhTextual Documents aIst ed. aWBbPustak Bipanic2008 a320pg:c19cm. aBengali aG- Bengali aBengali literature aChakraborty, Barun Kumar ,eEditor. 2ddccBK 001040708General aSKBLbSKBLcG- Bengalid2013-04-12eBEf00000g200.00l0o891.4481 Ch 349 Dhp2416/Bengr2024-01-14 00:00:00t1w2013-04-12yBKzBE c56303d56303